| Tag |
First Indicator |
Second Indicator |
Subfields |
| LEADER |
00000cam a2200000 4500 |
| 001 |
in00000104841 |
| 005 |
20150929200732.0 |
| 008 |
740604s1943 nyua b 00010 eng |
| 010 |
|
|
|a 43003440
|
| 035 |
|
|
|a (OCoLC)00908361
|
| 035 |
|
|
|9 AAN4085AM
|
| 040 |
|
|
|a DLC
|c YNG
|d TXA
|d UtOrBLW
|
| 049 |
|
|
|a TXAM
|c [116588]
|
| 050 |
|
0 |
|a QA90
|b .D3
|
| 082 |
0 |
|
|a 510.84
|
| 100 |
1 |
|
|a Davis, Dale S.
|q (Dale Stroble),
|d 1901-
|
| 245 |
1 |
0 |
|a Empirical equations and nomography /
|c by Dale S. Davis ...
|
| 250 |
|
|
|a 1st ed.
|
| 264 |
|
1 |
|a New York,
|a London :
|b McGraw-Hill book company, inc.,
|c 1943.
|
| 300 |
|
|
|a ix, 200 pages including illustrations, tables. ;
|c 24 cm.
|
| 336 |
|
|
|a text
|b txt
|2 rdacontent
|
| 337 |
|
|
|a unmediated
|b n
|2 rdamedia
|
| 338 |
|
|
|a volume
|b nc
|2 rdacarrier
|
| 504 |
|
|
|a Bibliography: pages 171-176.
|
| 650 |
|
0 |
|a Nomography (Mathematics)
|
| 999 |
|
|
|a MARS
|
| 999 |
f |
f |
|s 5b3aaee0-0289-3726-b010-cf9268ba4fc2
|i 8c029d0f-925f-3de7-aacd-8e9f0bc1d63e
|t 0
|
| 952 |
f |
f |
|p ric
|a Texas A&M University
|b Rellis Campus
|c Joint Library Facility
|d Remote Storage
|t 0
|e QA90 .D3
|h Library of Congress classification
|i unmediated -- volume
|m A14804470220
|
| 998 |
f |
f |
|a QA90 .D3
|t 0
|l Remote Storage
|